Suivez-vous attentivement les JO ? Médailles du 2 août - Statistiques

Statistiques générales
  • Ce quiz a été pris 13 fois
    10 depuis la dernière actualisation
  • Le résultat moyen est 53 sur 71
Statistiques - réponses
Sport Discipline Pays France % Correct
Cyclisme 2 août Or F - BMX Racing Australie France 7e
100%
Natation 2 août Or H - 50 M nage libre Australie
100%
Judo 2 août Argent H - Plus de 100 kilos Corée-du-Sud
100%
Equitation 2 août Argent Saut d'obstacles par équipe Etats-Unis
100%
Cyclisme 2 août Or H - BMX Racing France
100%
Cyclisme 2 août Argent H - BMX Racing France
100%
Cyclisme 2 août Bronze H - BMX Racing France
100%
Judo 2 août Or H - Plus de 100 kilos France
100%
Judo 2 août Bronze F - Plus de 78 kilos France
100%
Natation 2 août Bronze H - 50 M nage libre France
100%
Natation 2 août Or H - 200 M 4 nages France
100%
Escrime 2 août Argent H - Epée par équipes Japon
100%
Natation 2 août Or F - 200 M Dos Australie France 1/2 finale
89%
Badminton 2 août Or Mixte - Double Chine Pas de Français qualifiés(s)
89%
Plongeon 2 août Or H - Tremplin à 3 M Synchronisé Chine France 5e
89%
Badminton 2 août Argent Mixte - Double Corée-du-Sud
89%
Athlétisme 2 août Bronze H - 10000 M Etats-Unis
89%
Natation 2 août Argent F - 200 M Dos Etats-Unis
89%
Athlétisme 2 août Argent H - 10000 M Ethiopie
89%
Equitation 2 août Bronze Saut d'obstacles par équipe France
89%
Badminton 2 août Bronze Mixte - Double Japon
89%
Aviron 2 août Or F - Deux sans barreur Pays-Bas Pas de Français(es) en finale
89%
Cyclisme 2 août Argent F - BMX Racing Pays-Bas
89%
Aviron 2 août Argent H - Deux sans barreur Royaume-Uni
89%
Aviron 2 août Or F - Deux de couple poids léger Royaume-Uni France 7e
89%
Equitation 2 août Or Saut d'obstacles par équipe Royaume-Uni
89%
Natation 2 août Argent H - 200 M 4 nages Royaume-Uni
89%
Tennis 2 août Or Mixte - Double Tchéquie Pas de Français qualifiés(s)
89%
Aviron 2 août Bronze F - Deux sans barreur Australie
78%
Judo 2 août Or F - Plus de 78 kilos Brésil
78%
Trampoline 2 août Bronze F Canada
78%
Natation 2 août Bronze F - 200 M Dos Canada
78%
Tir à l'arc 2 août Or Mixte par équipes Corée-du-Sud Pas de Français qualifiés(s)
78%
Tir 2 août Argent F - Carabine 3 positions 50 M Etats-Unis
78%
Tir à l'arc 2 août Bronze Mixte par équipes Etats-Unis
78%
Voile 2 août Bronze H - 49er Etats-Unis
78%
Voile 2 août Bronze F - 49er FX France
78%
Escrime 2 août Or H - Epée par équipes Hongrie France 4e
78%
Athlétisme 2 août Or H - 10000 M Ouganda France 13e
78%
Trampoline 2 août Or F Royaume-Uni France 10e
78%
Natation 2 août Argent H - 50 M nage libre Royaume-Uni
78%
Plongeon 2 août Bronze H - Tremplin à 3 M Synchronisé Royaume-Uni
78%
Escrime 2 août Bronze H - Epée par équipes Tchéquie
78%
Tennis 2 août Bronze Mixte - Double Canada
67%
Trampoline 2 août Argent H Chine
67%
Trampoline 2 août Bronze H Chine
67%
Natation 2 août Bronze H - 200 M 4 nages Chine
67%
Tennis 2 août Argent Mixte - Double Chine
67%
Judo 2 août Bronze F - Plus de 78 kilos Corée-du-Sud
67%
Voile 2 août Or F - 49er FX Pays-Bas
67%
Aviron 2 août Argent F - Deux de couple poids léger Roumanie
67%
Aviron 2 août Argent F - Deux sans barreur Roumanie
67%
Aviron 2 août Bronze H - Deux sans barreur Suisse
67%
Cyclisme 2 août Bronze F - BMX Racing Suisse
67%
Tir à l'arc 2 août Argent Mixte par équipes Allemagne
56%
Tir 2 août Bronze F - Carabine 3 positions 50 M Chine
56%
Aviron 2 août Or H - Deux sans barreur Croatie Pas de Français(es) en finale
56%
Aviron 2 août Bronze H - Deux de couple poids léger Grèce
56%
Aviron 2 août Bronze F - Deux de couple poids léger Grèce
56%
Aviron 2 août Or H - Deux de couple poids léger Irlande France 7e
56%
Aviron 2 août Argent H - Deux de couple poids léger Italie
56%
Plongeon 2 août Argent H - Tremplin à 3 M Synchronisé Mexique
56%
Voile 2 août Argent H - 49er Nouvelle-Zélande
56%
Judo 2 août Bronze H - Plus de 100 kilos Ouzbékistan
56%
Tir 2 août Or F - Carabine 3 positions 50 M Suisse France 17e
56%
Voile 2 août Or H - 49er Espagne France 12e
44%
Judo 2 août Argent F - Plus de 78 kilos Israël
44%
Voile 2 août Argent F - 49er FX Suède
44%
Judo 2 août Bronze H - Plus de 100 kilos Tadjikistan
33%
Trampoline 2 août Or H Neutre France 6e
22%
Trampoline 2 août Argent F Neutre
22%
Aucun quiz correspondant
Distribution des résultats
% des personnes avec chaque résultat
Percentile par nombre de réponses
Votre historique - résultats
Vous n’avez pas pris ce quiz depuis la dernière actualisation